| 000 | 01118cad a22002055a 4500 | ||
|---|---|---|---|
| 001 | L152409 | ||
| 008 | 110302s2011 xxk f 000 0 eng d | ||
| 035 | _a(Sirsi) u152409 | ||
| 041 | 0 | _aeng | |
| 110 | 2 |
_aHome Builders Federation _94896 |
|
| 245 | 0 | 0 |
_aNew housing pipeline _bQuarterly Report _h[electronic resource] |
| 260 | _c2011 | ||
| 520 | _aReport for third quarter of 2010 shows how local authority planning permissions to build new homes have dropped alarmingly from 2007-2008 levels and are at one of the lowest levels in the last five years and the second lowest of the past 19 quarters. There has been a steady fall throughout 2010 for permissions with a drop in England from over 40 000 in quarter one to just over 30 000 in quarter three. Report complied by Glenigan for HBF | ||
| 590 | _aKA | ||
| 650 | 2 | 4 | _aGLENIGAN |
| 651 | 4 | _aUnited Kingdom | |
| 690 | _aENVIRONMENTAL AND LAND CONSULTANCY-PLANNING AND DEVELOPMENT | ||
| 856 | 4 | 0 |
_uhttps://www.hbf.co.uk/fileadmin/documents/research/HBF_Report_-_Housing_pipeline_-_december_2010.pdf _zView the item free of charge at www.hbf.co.uk |
| 942 | _n0 | ||
| 999 |
_c112045 _d112045 |
||